7 jours de la semaine en 15 secondes - Statistiques

Statistiques générales
  • Ce quiz a été pris 243 fois
  • Le résultat moyen est 6 sur 7
Statistiques - réponses
Réponse % Correct
Lundi
100%
Mardi
96%
Mercredi
91%
Jeudi
89%
Vendredi
82%
Samedi
79%
Dimanche
75%
Aucun quiz correspondant
Distribution des résultats
% des personnes avec chaque résultat
Percentile par nombre de réponses
Votre historique - résultats
Vous n’avez pas pris ce quiz